Statistics for Actors by their Villainous Characters

Click here to take the quiz!

General Stats

  • This quiz has been taken 18 times
  • The average score is 19 of 50

Answer Stats

Character / MovieActor% Correct
The Joker - The Dark Knight (2008)Heath Ledger
83%
Annie Wilkes - Misery (1990)Kathy Bates
83%
Hannibal Lecter - Silence of the Lambs (1991)Anthony Hopkins
75%
T-800 - The Terminator (1984)Arnold Schwarzenegger
75%
Jack Torrance - The Shining (1980)Jack Nicholson
75%
Hans Gruber - Die Hard (1988)Alan Rickman
67%
Oswald Cobblepot / Penguin - Batman Returns (1992)Danny DeVito
67%
Darth Vader - The Star Wars Saga (1977-2016)James Earl Jones
67%
Gordon Gekko - Wall Street (1987)Michael Douglas
67%
Lex Luthor - Superman (1978)Gene Hackman
58%
Ducard / Ra's Al Ghul - Batman Begins (2005)Liam Neeson
58%
Alex Forrest - Fatal Attraction (1987)Glenn Close
50%
Seth Brundle - The Fly (1986)Jeff Goldblum
50%
Thanos - Marvel Cinematic Universe (2004 - 2019)Josh Brolin
50%
Selina Kyle / Catwoman - Batman Returns (1992)Michelle Pfeiffer
50%
Loki - Marvel Cinematic Universe (2011 - 2019)Tom Hiddleston
50%
Simon Phoenix - Demolition Man (1993)Wesley Snipes
50%
Jane Hudson - What Ever Happened to Baby Jane? (1962)Bette Davis
42%
Ivan Drago - Rocky IV (1985)Dolph Lundgren
42%
Joan Crawford - Mommie Dearest (1981)Faye Dunaway
42%
Col. Kurtz - Apocalypse Now (1979)Marlon Brando
42%
Lord Voldemort - Harry Potter series (2001 - 2011)Ralph Fiennes
42%
Peyton - The Hand that Rocks the Cradle (1992)Rebecca DeMornay
42%
Freddy Krueger - A Nightmare on Elm Street (1984)Robert Englund
42%
Pennywise - It (1990)Tim Curry
42%
Norman Bates - Psycho (1960)Anthony Perkins
33%
Det. Alonzo Harris - Training Day (2001)Denzel Washington
33%
Dracula - Bram Stoker's Dracula (1992)Gary Oldman
33%
Agent Smith - The Matrix Trilogy (1999-2003)Hugo Weaving
33%
Anton Chigurh - No Country for Old Men (2007)Javier Bardem
33%
The Wicked Witch of the West - The Wizard of Oz (1939)Margaret Hamilton
33%
Col Hans Landa - Inglorious Basterds (2009)Christoph Waltz
25%
Nurse Mildred Ratched - One Flew Over the Cuckoo's Nest (1975)Louise Fletcher
25%
Alex DeLarge - A Clockwork Orange (1971)Malcolm McDowell
25%
Max Cady - Cape Fear (1962)Robert Mitchum
25%
Satanica Pandemonium - From Dusk Till Dawn (1996)Selma Hayek
25%
Mrs Eleanor Iselin - The Manchurian Candidate (1962)Angela Lansbury
17%
Imhotep - The Mummy (1999)Arnold Vosloo
17%
Ernst Starvo Blofeld - You Only Live Twice (1967)Donald Pleasence
17%
Dean Vernon Wormer - National Lampoon's Animal House (1978)John Vernon
17%
Christian Szell - Marathon Man (1976)Laurence Olivier
17%
Frank D'Amico - Kick-Ass (2010)Mark Strong
17%
Amy Dunne - Gone Girl (2016)Rosamund Pike
17%
Jame "Buffalo Bill" Gumb - Silence of the Lambs (1991)Ted Levine
17%
Dalton Russell - The Inside Man (2006)Clive Owen
8%
Marlow - 30 Days of Night (2007)Danny Huston
8%
Frank - Once Upon A Time in the West (1968)Henry Fonda
8%
Col. William Tavington - The Patriot (2000)Jason Isaacs
8%
Daniel Robitaille / The Candyman - Candyman (1992)Tony Todd
8%
Palpatine / Darth Sidious - The Star Wars Saga (1986-2019)Ian McDiarmid
0%

Score Distribution

Percentile by Number Answered

Percent of People with Each Score

Your Score History

You have not taken this quiz